000 00429nam a2200181Ia 4500
001 13880
005 20260306164833.0
008 260306t1999||||xx |||||||||||||| ||spa||
041 _aESP
082 _a005.43
_bS54 1999
100 _aSilberschatz, Abraham
_eAUT
245 0 _aSistemas operativos
260 _c1999
300 _axix, 889 páginas :
_c23 cm.
650 _aGEN
654 _aCCC
942 _cLIB
_dJUS
_fJUS
_2ddc
_n
999 _c13880
_d13880